Much ado about nothing (Record no. 72123)

MARC details
000 -LEADER
fixed length control field 01419cam a2200253 4500
001 - CONTROL NUMBER
control field ABS66457
008 - FIXED-LENGTH DATA ELEMENTS--GENERAL INFORMATION
fixed length control field 030218n2003 000 0 eng u
035 ## - SYSTEM CONTROL NUMBER
System control number (Sirsi) u121365
100 ## - MAIN ENTRY--PERSONAL NAME
Personal name Edwards, M.
245 ## - TITLE STATEMENT
Title Much ado about nothing
260 ## - PUBLICATION, DISTRIBUTION, ETC.
Date of publication, distribution, etc. 2003
490 ## - SERIES STATEMENT
Series statement Estates Gazette
Volume/sequential designation (0306) 8 February 2003, 142(1)
520 ## - SUMMARY, ETC.
Summary, etc. Argues that government's review of the planning enforcement system in the Planning Green Paper was unnecessary. The enforcement of planning control was reformed in the Planning and Compensation Act 1991 following the 1989 Carnwath report. Seven years on government's planning green paper posed the question, 'Is enforcement working?', yet failed to base this upon real evidence. Presents statistics from the Planning Inspectorate and ODPM websites showing that breaches of planning control are not widespread and that when planning authorities issue enforcement notices some are not appealed. In addition, if appeals are pursued most are upheld in whole or in part. Concludes that the existing enforcement system is basically effective and that only minor changes are likely.
590 ## - LOCAL NOTE (RLIN)
Local note ABS
650 ## - SUBJECT ADDED ENTRY--TOPICAL TERM
Topical term or geographic name entry element PLANNING CONTROL
650 ## - SUBJECT ADDED ENTRY--TOPICAL TERM
Topical term or geographic name entry element PLANNING ENFORCEMENT
650 ## - SUBJECT ADDED ENTRY--TOPICAL TERM
Topical term or geographic name entry element PLANNING REFORM
650 ## - SUBJECT ADDED ENTRY--TOPICAL TERM
Topical term or geographic name entry element GREEN PAPER
650 ## - SUBJECT ADDED ENTRY--TOPICAL TERM
Topical term or geographic name entry element ENFORCEMENT NOTICES
650 ## - SUBJECT ADDED ENTRY--TOPICAL TERM
Topical term or geographic name entry element ENFORCEMENT APPEALS
690 ## - LOCAL SUBJECT ADDED ENTRY--TOPICAL TERM (OCLC, RLIN)
Topical term or geographic name as entry element Planning and development
9 (RLIN) 6259
700 ## - ADDED ENTRY--PERSONAL NAME
Personal name Martin, J.
942 ## - ADDED ENTRY ELEMENTS (KOHA)
Suppress in OPAC 0
Holdings
Withdrawn status Lost status Source of classification or shelving scheme Damaged status Not for loan Home library Current library Shelving location Date acquired Total Checkouts Full call number Barcode Date last seen Copy number Price effective from Koha item type
    Dewey Decimal Classification     London London Journal article 18/02/2003   ABS66457 121365-1001 06/08/2019 1 06/08/2019 Journal article